Applied FORTRAN programming : with standard FORTRAN, WATFOR, WATFIV, and structured WATFIV

Bibliographic Details
Main Author: Merchant, Michael J
Other Authors: Sturgul, John R. (joint author)
Format: Book
Published: Belmont, Calif. : Wadsworth Pub. Co. , 1977
Subjects:

MARC

LEADER 00000cam a2200000 7i4500
001 0000007976
002 000008632
005 20000330.0
008 970318977 caua 00110 eng
020 |a 0534004970 
082 0 0 |a 001.6424   |b MER 
100 1 |a Merchant, Michael J 
245 1 0 |a Applied FORTRAN programming :   |b with standard FORTRAN, WATFOR, WATFIV, and structured WATFIV   |c Michael J. Merchant, in collaboration with John R. Sturgul 
260 |a Belmont, Calif. :   |b Wadsworth Pub. Co. ,   |c 1977 
300 |a xiii, 544 p. (p. [541]-544 blank for notes :   |b ill. ;   |c 24 cm. 
500 |a Includes index 
650 0 0 |a FORTRAN (Computer program language 
700 1 |a Sturgul, John R. ,   |e joint author 
999 |a 0001261   |b BUKU   |c PINJAMAN   |e PERPUSTAKAAN KOMUNITI PETALING JAYA 
999 |a 0001262   |b BUKU   |c PINJAMAN   |e PERPUSTAKAAN KOMUNITI PETALING JAYA